A textbook of algebra/ (Record no. 147626)

MARC details
000 -LEADER
fixed length control field 00629nam a22001937a 4500
005 - DATE AND TIME OF LATEST TRANSACTION
control field 20230920172625.0
010 ## - LCCN (DPL NO)
LC control number ENG-121548 ENG-137063ENG-137314
020 ## - INTERNATIONAL STANDARD BOOK NUMBER
International Standard Book Number 9789352710829
Terms of availability 275.00
035 ## - SYSTEM CONTROL NUMBER
System control number EN-105080 EN-120595 EN-120846
037 ## - SOURCE OF ACQUISITION
Source of stock number/acquisition DBAD/PUB
082 ## - DEWEY DECIMAL CLASSIFICATION NUMBER
Classification number 512.9434
100 ## - MAIN ENTRY--PERSONAL NAME
Personal name Saha,Sudesh K.
245 ## - TITLE STATEMENT
Title A textbook of algebra/
Statement of responsibility, etc by Sudesh K. Saha [and] Subhash C. Garg
260 ## - PUBLICATION, DISTRIBUTION, ETC. (IMPRINT)
Place of publication, distribution, etc Noida
Name of publisher, distributor, etc Vikas Publishing House
Date of publication, distribution, etc 2017
270 ## - ADDRESS
Address E-28,Sector- 8
City Noida (UP)
Postal code 201301
300 ## - PHYSICAL DESCRIPTION
Extent x,358p.:
Dimensions 25cm(pbk)
Other physical details ill.
700 ## - ADDED ENTRY--PERSONAL NAME
Personal name Subhash C.Garg
9 (RLIN) 57205
942 ## - ADDED ENTRY ELEMENTS (KOHA)
Source of classification or shelving scheme Dewey Decimal Classification
Item type English Books
Classification part 512.9434
Call number suffix SHA
Holdings
Withdrawn status Lost status Not for loan Collection code Home library Current library Date acquired Source of acquisition Cost, normal purchase price Full call number Barcode Copy number Cost, replacement price Koha item type
      Non-fiction Ashok Vihar Ashok Vihar 30/05/2023 DBAD/PUB 275.00 512.9434 SHA EN-120595 1 275.00 English Books
    Not For Loan Non-fiction D.B.Act.Division D.B.Act.Division 22/11/2017 DBAD/PUB 275.00 512.9434 SHA EN-105080 1 275.00 English Books
      Non-fiction D.B.Act.Division Mobile Library 06/07/2023 DBAD/PUB 275.00 512.9434 SHA EN-120846 1 275.00 English Books

© Delhi Public Library
Hit Counter
free hit counter